Estadísticas para Los 5 Países más Poblados en un Mapa Mundial Multicolor

Haz click aquí para tomar la prueba!

Estadísticas generales

  • Esta prueba ha sido tomada 4.393 veces
  • La puntuación promedio es 30 de 40

Respuestas en el mapa

Las respuestas están codificadas por una escala verde-roja en el mapa de la prueba según el % correcto abajo.
 

Estadísticas de respuestas

ColorPaís% Correcto
RojoEstados Unidos
99%
AmarilloChina
96%
VerdeBrasil
95%
RojoCanadá
95%
MoradoIndia
93%
AzulMéxico
93%
NegroRusia
93%
AmarilloArgentina
92%
AzulFrancia
87%
AmarilloAlemania
85%
RojoIndonesia
85%
RojoArgelia
84%
NaranjaEgipto
84%
NaranjaItalia
83%
NegroJapón
83%
AzulIrán
81%
NaranjaR.D. del Congo
81%
RosaColombia
78%
RojoEtiopía
77%
MoradoNigeria
77%
VerdeReino Unido
77%
RosaPakistán
76%
RosaTurquía
76%
MoradoVenezuela
73%
NaranjaIrak
71%
AzulTailandia
70%
AzulVietnam
67%
NaranjaMalí
65%
VerdePolonia
65%
NegroBangladés
64%
NegroMyanmar
64%
AmarilloKenia
60%
RosaTanzania
57%
VerdeMozambique
54%
MoradoCorea del Sur
52%
NegroRumania
52%
VerdeCamerún
47%
AmarilloFilipinas
47%
RosaUganda
36%
MoradoCosta de Marfil
33%

Distribución de puntuación

Porcentaje por número respondido

Porcentaje de gente con cada puntuación

Historial de tus puntuaciones

No has tomado esta prueba